000 00250nam a2200097Ia 4500
001 683454
005 20250826161438.0
008 250824s9999 xx 000 0 und d
245 0 _aYILDIZLARIN PEŞİNDE
_cDUYGU KAÇARANĞLU
260 _bTİMAŞ YAYINLARI
999 _c683454
_d683454